000 00214nam a2200097Ia 4500
008 240331s9999 xx 000 0 und d
082 _bAGR
100 _aAgrwaal,A
245 0 _aIn Search of vanished blood
942 _cL
999 _c4505
_d4505